000 00879nam a2200277 a 4500
001 000030184
003 DO-SdBNP
005 20220601104011.0
007 ta
008 110503s2007 dr 000 0 spa d
040 _aDO-SdBNP
_bspa
_cBNPHU
082 _aF-
_bA282n
100 _956895
245 1 3 _aCódigo procesal penal :
_bconozcamos nuestros derechos en el código procesal penal
250 _a2a. ed.
260 _aSanto Domingo :
_bComisionado de Apoyo a la Reforma y Modernización de la Justicia,
_c2007.
300 _a 35 p. :
_b26 cm
_eil.
490 1 _aUnapec por un mundo mejor
_v1
590 _aInventariado, 2022 / DG
650 4 _aDERECHO PENAL
_zREPUBLICA DOMINICANA
_916470
650 4 _aDERECHO PROCESAL
_zREPUBLICA DOMINICANA
_913091
650 4 _aPROCEDIMIENTO PENAL
_zREPUBLICA DOMINICANA
830 0 _956896
910 _aDG
942 _2ddc
_cLBS1
999 _c51874
_d51874